000 00396nam a2200157 4500
005 20260522220105.0
020 _a9789391801830
082 _a579
_bPRE.T
084 _2Colon Classification
100 _aPreeti Srivastava
_915010
245 _aTextbook of Microbiology
260 _aNew Delhi:
_bRawat Prakashan;
_c2023.
300 _a272p.
700 _aSweta Gupta
_915011
942 _2ddc
_cBK
999 _c759810
_d759810